00383 2200169 4500245003400000020001800034250001100052100001300063700001800076650001700094005001900111260002900130041001400159084000800173300002300181336000900204 aPenghuni HaticElisa S.hText a9786022552345 aCet. 1 aElisa S. aAra Philomina aNovel Remaja a20230126145940 aYogyakartabMazolac2013 aIndonesia a813 a252 hlm. :c20 cm. atext